LIBRARY & INFORMATION CENTRE, KCAET, TAVANUR

ONLINE PUBLIC ACCESS CATALOGUE (OPAC)

Natural resourse management of water and land (Record no. 7666)

MARC details
000 -LEADER
fixed length control field 00447cam a2200181ua 4500
041 ## - LANGUAGE CODE
Language code of text/sound track or separate title eng
082 ## - DEWEY DECIMAL CLASSIFICATION NUMBER
Classification number 627.02
Item number GAN/NA
100 ## - MAIN ENTRY--AUTHOR NAME
Personal name Gangstad, Edwardo .
245 ## - TITLE STATEMENT
Title Natural resourse management of water and land
260 ## - PUBLICATION, DISTRIBUTION, ETC. (IMPRINT)
Place of publication New York :
Name of publisher Van Nostrand Reinhold Company ,
Year of publication 1990.
300 ## - PHYSICAL DESCRIPTION
Number of Pages 192 ; .
500 ## - GENERAL NOTE
General note ** Reference
942 ## - ADDED ENTRY ELEMENTS (KOHA)
Koha item type Books
Holdings
Withdrawn status Lost status Damaged status Home library Current library Date acquired Full call number Accession Number Koha item type
      KAUAET KAUAET 07/04/2012 627.02 20378 Books
free website counter